Zamestnanosť je pre SDĽ prioritou číslo jeden Jozef Migaš

Bibliographic Details
Main Authors: Chmelár, Eduard, 1971- (ain), Migaš, Jozef, 1954- (Author, uin)
Format: Article
Language:Slovak
PhysicalDescription:Fotogr.
Subjects:

MARC

LEADER 00000nab a2200000 a 4500
001 vtls000722690
003 SK-MaSNL
005 20260303184017.0
008 180206c1999 xo 0 slo
015 |a SNBRB2000/05-13420 
035 |a CLN000074857 
040 |a SNKBUCL  |b slo  |c SNKBUCL  |e AACR2 
041 0 |a slo 
044 |a xo  |c SK 
080 |a 32-051  |2 UDC-MRF-SK2 
080 |a 329.14(437.6)SDĽ  |2 UDC-MRF-SK2 
100 1 |a Chmelár, Eduard,  |d 1971-  |4 ain  |9 92992 
245 1 0 |a Zamestnanosť je pre SDĽ prioritou číslo jeden  |b Jozef Migaš  |c s hosťom Slova sa rozpráva Eduard Chmelár 
300 |b Fotogr. 
600 1 7 |a Migaš, Jozef,  |d 1954-  |2 snkbucl  |9 155175 
610 2 7 |a Strana demokratickej ľavice  |2 snkbucl  |9 165260 
655 7 |a články z novín a časopisov  |2 snkbucl  |9 267496 
700 1 |a Migaš, Jozef,  |d 1954-  |4 aut  |4 uin  |9 155175 
773 0 |t Slovo. Politicko-spoločenský týždenník  |g Roč. 1, č. 10 (1999), s. 4-5 
850 |a Slovenská národná knižnica v Martine 
852 |a SNK  |b KIS3GCP 
958 |a RBX 
999 |c 2124352  |d 2126282